<?xml version="1.0" encoding="UTF-8"?>
<record
    xmlns:xsi="http://www.w3.org/2001/XMLSchema-instance"
    xsi:schemaLocation="http://www.loc.gov/MARC21/slim http://www.loc.gov/standards/marcxml/schema/MARC21slim.xsd"
    xmlns="http://www.loc.gov/MARC21/slim">

  <leader>02004nam a2200289uu 4500</leader>
  <controlfield tag="001">1576570</controlfield>
  <controlfield tag="005">20260428133546.0</controlfield>
  <controlfield tag="008">220921s2022       ||||||m|         spa  </controlfield>
  <datafield tag="035" ind1=" " ind2=" ">
    <subfield code="a">1576570</subfield>
  </datafield>
  <datafield tag="040" ind1=" " ind2=" ">
    <subfield code="c">comduadb</subfield>
  </datafield>
  <datafield tag="041" ind1=" " ind2=" ">
    <subfield code="a">spa</subfield>
  </datafield>
  <datafield tag="100" ind1="1" ind2="0">
    <subfield code="a">Betancur Restrepo, Sara</subfield>
    <subfield code="4">aut</subfield>
    <subfield code="e">aut</subfield>
    <subfield code="9">820701</subfield>
  </datafield>
  <datafield tag="245" ind1="1" ind2="0">
    <subfield code="a">Contribuci&#xF3;n del Control Interno basado en el MIPG a la eficacia de la gesti&#xF3;n p&#xFA;blica en el municipio de Andes</subfield>
  </datafield>
  <datafield tag="260" ind1=" " ind2=" ">
    <subfield code="a">Andes (Antioquia) :</subfield>
    <subfield code="b">Autores (as),</subfield>
    <subfield code="c">2022.</subfield>
  </datafield>
  <datafield tag="300" ind1=" " ind2=" ">
    <subfield code="a">42 P&#xE1;ginas</subfield>
  </datafield>
  <datafield tag="520" ind1="3" ind2=" ">
    <subfield code="a">RESUMEN: Partiendo de una definici&#xF3;n clave del "Control Interno" como herramienta para que las entidades p&#xFA;blicas mejoren su gesti&#xF3;n en los recursos y optimicen procesos, donde el Gobierno Colombiano vio en la necesidad de crear unos lineamientos legales estipulados en el Decreto 1499 de 2017 para que todas las entidades p&#xFA;blicas del territorio den cumplimiento al Modelo Integrado de Planeaci&#xF3;n y Gesti&#xF3;n, por esto se realiz&#xF3; la propuesta de logra identificar la contribuci&#xF3;n del Control Interno basado en el MIPG a la eficacia de la gesti&#xF3;n p&#xFA;blica en el municipio de Andes, para evidenciar la importancia de poner en pr&#xE1;ctica la implementaci&#xF3;n y los beneficios de dicho modelo, y como el municipio da rendici&#xF3;n de cuentas a los entes de control que vigilan a la entidad p&#xFA;blica y a los ciudadanos. Para la recopilaci&#xF3;n de informaci&#xF3;n se citaron documentos relacionados y se llev&#xF3; a cabo unas entrevistas a funcionarios p&#xFA;blicos del municipio de Andes para realizar dicho art&#xED;culo.</subfield>
  </datafield>
  <datafield tag="650" ind1=" " ind2=" ">
    <subfield code="a">Modelo integrado de planeaci&#xF3;n y gesti&#xF3;n (MIPG)</subfield>
    <subfield code="9">232261</subfield>
  </datafield>
  <datafield tag="650" ind1=" " ind2="7">
    <subfield code="a">Control interno</subfield>
    <subfield code="2">embne</subfield>
    <subfield code="9">21008</subfield>
  </datafield>
  <datafield tag="650" ind1=" " ind2="4">
    <subfield code="a">Instituciones p&#xFA;blicas</subfield>
    <subfield code="9">84450</subfield>
  </datafield>
  <datafield tag="650" ind1=" " ind2="7">
    <subfield code="a">Administraci&#xF3;n p&#xFA;blica</subfield>
    <subfield code="2">lemb</subfield>
    <subfield code="9">69074</subfield>
  </datafield>
  <datafield tag="700" ind1="1" ind2="0">
    <subfield code="a">Mu&#xF1;oz Castro, Katherine</subfield>
    <subfield code="4">aut</subfield>
    <subfield code="e">aut</subfield>
    <subfield code="9">808502</subfield>
  </datafield>
  <datafield tag="700" ind1="1" ind2="0">
    <subfield code="a">Ram&#xED;rez Gonz&#xE1;lez, Juan Pablo</subfield>
    <subfield code="4">aut</subfield>
    <subfield code="e">aut</subfield>
    <subfield code="9">813039</subfield>
  </datafield>
  <datafield tag="700" ind1="1" ind2="0">
    <subfield code="a">Bustamante Garc&#xED;a, Hern&#xE1;n Carlos</subfield>
    <subfield code="4">ths</subfield>
    <subfield code="e">ths</subfield>
    <subfield code="9">385800</subfield>
  </datafield>
  <datafield tag="942" ind1=" " ind2=" ">
    <subfield code="c">TESIS</subfield>
    <subfield code="n">0</subfield>
  </datafield>
  <datafield tag="999" ind1=" " ind2=" ">
    <subfield code="c">844843</subfield>
    <subfield code="d">844843</subfield>
  </datafield>
  <datafield tag="502" ind1=" " ind2=" ">
    <subfield code="b">60</subfield>
    <subfield code="c">9</subfield>
  </datafield>
  <datafield tag="526" ind1=" " ind2=" ">
    <subfield code="a">60</subfield>
  </datafield>
</record>
